[Event "Llinars del Valles op-B 9th"]
[Site "Llinars del Valles"]
[Date "2015.06.13"]
[Round "9"]
[White "Gutierrez Card, Francesc"]
[Black "Mallol Descarrega, Aleix"]
[Result "0-1"]
[WhiteElo "1725"]
[BlackElo "1823"]
[PlyCount "92"]
[EventDate "2015.04.11"]
[EventType "swiss"]
[EventRounds "9"]
[EventCountry "ESP"]
[SourceTitle "EXT 2018"]
[Source "ChessBase"]
[SourceDate "2017.10.13"]
[SourceVersion "1"]
[SourceVersionDate "2017.10.13"]
[SourceQuality "1"]

1. Nf3 d5 2. d4 Nf6 3. Bf4 e6 4. e3 c5 5. c3 Nc6 6. Bd3 Qb6 7. b3 Bd7 8. Nbd2 Be7 9. 0-0 h6 10. h3 g5 11. Bh2 0-0-0 12. Rb1 Rdg8 13. Ne5 Nxe5 14. Bxe5 h5 15. b4 c4 16. Be2 g4 17. hxg4 hxg4 18. Bxf6 Bxf6 19. Bxg4 Qd6 20. f4 Rh4 21. Be2 Rgh8 22. Bf3 Qf8 23. Kf2 Qg7 24. Rg1 Rh2 25. Nf1 Bh4+ 26. Ke2 Rh3 27. Nd2 Rh2 28. Qf1 Qg6 29. e4 dxe4 30. Nxe4 Bc6 31. Nd6+ Kd7 32. Bxc6+ Kxc6 33. f5 Qg4+ 34. Qf3+ Qxf3+ 35. Kxf3 Kxd6 36. fxe6 fxe6 37. g3 Bg5 38. Rge1 Bd2 39. Re4 Bxc3 40. Rg4 Rh1 41. Rxh1 Rxh1 42. b5 Rd1 43. Rg7 Bxd4 44. Rxb7 c3 45. Rb8 c2 46. b6 axb6 0-1

[Event "Llinars del Valles op-B 8th"]
[Site "Llinars del Valles"]
[Date "2015.05.16"]
[Round "6"]
[White "Alcaraz Aguilera, David"]
[Black "Gutierrez Card, Francesc"]
[Result "0-1"]
[WhiteElo "1833"]
[BlackElo "1725"]
[PlyCount "134"]
[EventDate "2015.04.11"]
[EventType "swiss"]
[EventRounds "9"]
[EventCountry "ESP"]
[SourceTitle "EXT 2016"]
[Source "ChessBase"]
[SourceDate "2015.10.08"]
[SourceVersion "1"]
[SourceVersionDate "2015.10.08"]
[SourceQuality "1"]

1. b3 d6 2. Bb2 e5 3. e3 Nf6 4. c4 Nc6 5. a3 Be7 6. Be2 0-0 7. Nc3 a6 8. Qc2 Rb8 9. Nf3 Re8 10. Rc1 h6 11. Nd5 Na7 12. h3 c6 13. Nxe7+ Qxe7 14. d3 Bf5 15. e4 Be6 16. Nd2 c5 17. Nf1 a5 18. Ne3 Nc6 19. Nd5 Qd8 20. Qd1 Bd7 21. Nxf6+ Qxf6 22. Bg4 Bxg4 23. Qxg4 Re6 24. 0-0 Qg6 25. Qxg6 Rxg6 26. f4 exf4 27. Rxf4 Ne5 28. Bxe5 dxe5 29. Rf3 Rd6 30. g4 f6 31. Kf2 b5 32. cxb5 Rxb5 33. Rc3 Rdb6 34. a4 Rxb3 35. Rxc5 Ra6 36. d4 Rxf3+ 37. Kxf3 exd4 38. Rd5 Kf7 39. Rxd4 Ke6 40. Kf4 g6 41. h4 g5+ 42. hxg5 hxg5+ 43. Ke3 Rb6 44. Rd5 Rb3+ 45. Kf2 Rb4 46. Rxa5 Rxe4 47. Kg3 Rc4 48. Ra6+ Ke5 49. a5 Rc3+ 50. Kf2 Ra3 51. Ra7 Kf4 52. Ra6 Kxg4 53. Rxf6 Rxa5 54. Rc6 Ra2+ 55. Ke3 Ra4 56. Rg6 Kf5 57. Rg8 Ra3+ 58. Kf2 Kg4 59. Kg2 Ra5 60. Rh8 Rf5 61. Rh1 Kf4 62. Rf1+ Kg4 63. Rxf5 Kxf5 64. Kg3 g4 65. Kf2 Kf4 66. Kg2 g3 67. Kf1 Kf3 0-1

[Event "Llinars del Valles op-B 8th"]
[Site "Llinars del Valles"]
[Date "2015.04.18"]
[Round "2"]
[White "Arcusa Postils, Eduard"]
[Black "Gutierrez Card, Francesc"]
[Result "1-0"]
[WhiteElo "1867"]
[BlackElo "1725"]
[PlyCount "77"]
[EventDate "2015.04.11"]
[EventType "swiss"]
[EventRounds "9"]
[EventCountry "ESP"]
[SourceTitle "EXT 2016"]
[Source "ChessBase"]
[SourceDate "2015.10.08"]
[SourceVersion "1"]
[SourceVersionDate "2015.10.08"]
[SourceQuality "1"]

1. e4 d6 2. d4 g6 3. f4 Bg7 4. Nf3 b6 5. Nc3 Bb7 6. Bb5+ c6 7. Bd3 Nf6 8. 0-0 0-0 9. Be3 e6 10. Qe1 Nfd7 11. Qg3 f5 12. Ng5 Qe7 13. Qh3 Bf6 14. Nf3 c5 15. e5 dxe5 16. dxe5 Bh8 17. Nb5 Nc6 18. Nd6 Nd8 19. Bc4 Bxf3 20. Qxf3 Rb8 21. Rad1 Nf7 22. Qc6 Nfxe5 23. fxe5 Nxe5 24. Qa4 Nxc4 25. Qxc4 f4 26. Bxf4 Bd4+ 27. Kh1 g5 28. Bg3 Rxf1+ 29. Rxf1 Rd8 30. Nf5 Qd7 31. Nh6+ Kh8 32. Nf7+ Kg7 33. Nxd8 Qxd8 34. Qxe6 Bf6 35. Be5 Bxe5 36. Qxe5+ Kg6 37. g4 h6 38. Qe6+ Kg7 39. Rf7+ 1-0